000 00855nam a2200205 a 4500
001 000028583
005 20200930055025.0
008 110411s1977 dr abd 001 0 spa d
040 _aDO-SdBNP
_bspa
_cBNPHU
082 _a331.125
_bR426a
110 1 _aRepública Dominicana.
_bSecretaría de Estado de Agricultura
_917769
245 1 0 _aAspectos del empleo rural en la República Dominicana :
_bproyecto de análisis sectorial /
_cpresentación Pedro A. Breton T.
260 _aSanto Domingo :
_bSecretaría de Estado de Agricultura,
_c1977.
300 _a65 p. :
_bil., gráfcs., mapa ;
_c28 cm.
590 _aInventariado, 2018/VM
650 4 _aEvaluación del trabajo
_955532
650 4 _aPolítica sobre mano de obra rural
_zRepública Dominicana
_955533
700 1 _aBreton T., Pedro A.,
_epresent.
_955534
910 _aValidado. Control de calidad EMS.
999 _c28075
_d28075